Uplatňovanie výpočtových systémov v riadení investičného procesu záverečná etapa riešenia čiastkovej výskumnej úlohy SPEV 902 003/05

Salvato in:
Dettagli Bibliografici
Natura: Libro
Lingua:slovacco
Pubblicazione: Bratislava VŠE 1985
Tags: Aggiungi Tag
Nessun Tag, puoi essere il primo ad aggiungerne!!

MARC

LEADER 00000nam a2200000 4500
001 c035749
005 20260326072108.4
041 0 |a slo 
044 |a SK 
245 1 0 |a Uplatňovanie výpočtových systémov v riadení investičného procesu  |b záverečná etapa riešenia čiastkovej výskumnej úlohy SPEV 902 003/05 
264 1 |a Bratislava  |b VŠE  |c 1985 
300 |a 75 s.